000 00657nam a2200229Ia 4500
003 OSt
005 20220923230703.0
006 a|||||r|||| 00| 0
007 ta
008 Pun
024 _a304,756
037 _cTextual
040 _aARTS
_cARTS
_bPun
041 _2Pun
_aPun
082 _aV236.M, 153M7
100 _aਅਰFੀ, ਸਾਹਿਬ ਸਿੰਘ
245 0 _aਅਠ੍ਹਾਰਵੀ੍ਵ ਸਦੀ ਦਾ ਸਿੱਖ ਇਤਿਹਾਸ
260 _c1987
650 _aਭਾਰਤੀਯ ਇਤਿਹਾਸ
942 _hV236.M, 153M7
_cTEXL
_2CC
999 _c386563
_d386563